00863nam a2200253Ia 4500008004100000050001700041050001600058100002700074245002000101245004000121245007200161260001300233260002500246260000900271300001600280300002600296300001100322500004100333650002600374650004400400650003000444999001900474952011600493160819s9999 xx 000 0 und d aCUL TX 724.5 b.P5A44 2008 aAlejandro, Reynaldo G. aFiesta! Fiesta! bfestival foods of the Philippines / cReynaldo G. Alejadro, Millie Albano Reyes, Vecente Roman S. Santos. aManila : bKCC Innovation Inc., c2008 a199 pages : bcolor illustrations ; c24 cm. aIncludes bibliographical references. aCookery, Philippines. aPhilippines -- Social life and customs. xFestivals -- Philippines. c300640d300640 001040aSMCbSMCcCULd2012-07-10l0oCUL TX 724.5 .P5A44 2008pSMC05764r2016-08-19 00:00:00w2016-08-19yBK